000 00360nam a2200145Ia 4500
008 230917s9999||||xx |||||||||||||| ||und||
040 _e169100
_aMAIN
041 _aEnglish
082 _a338.4791 G181T
100 _aGarg, Deepa
245 0 _aTravel agency and ticketing
260 _aNew Delhi
_bMohit publications
_c2009
300 _a296 p.
942 _cBK
999 _c153592
_d153592